| 000 | 00711nam a2200241Ia 4500 | ||
|---|---|---|---|
| 008 | 191130s1984##################000#0#eng## | ||
| 020 | _a9780521275156 | ||
| 022 | _a83007758 | ||
| 040 |
_aACL _cACL |
||
| 082 | _a324.9 ENE | ||
| 100 | _aEnelow, James M | ||
| 245 |
_aThe spatial theory of voting : an introduction _cJames M. Enelow, Melvin J. Hinich |
||
| 260 |
_aCambridge _bCambridge University Press _cc1984 |
||
| 300 | _axv, 238 p. : ill. ; 24 cm | ||
| 500 | _aIncludes index. Bibliography: p. 224-228 | ||
| 650 | _aElections | ||
| 650 | _aSocial choice | ||
| 650 | _aVoting | ||
| 700 | _aHinich, Melvin J | ||
| 990 | _a13d20098ac10000c7279dfff135b6906 | ||
| 991 | _a141711 | ||
| 999 |
_c70938 _d70938 |
||